000
00263nam a2200109Ia 4500
008
190216s9999||||xx |||||||||||||| ||und||
100
_a
Gupta S P&Amp; Gupta M P
245
0
_a
Business Statistics
260
_b
Wiley Eastern Ltd
_c
1986
300
_a
712p
942
_c
BK
999
_c
3995
_d
3995